Prevrat alebo rozvrat

Eurozóna má viac možností, ako vybŕdnuť z dlhovej krízy. Všetky predpokladajú rázne zmeny. Hrubý verejný dlh. Fiškálne schodky a prebytky.

Salvato in:
Dettagli Bibliografici
Autore principale: Múčka, František
Natura: Capitolo di libro
Lingua:slovacco
Soggetti:
Tags: Aggiungi Tag
Nessun Tag, puoi essere il primo ad aggiungerne!!

MARC

LEADER 00000naa a2200000 4500
001 0136052
005 20231113073348.4
041 0 |a slo 
044 |a SK 
245 1 0 |a Prevrat alebo rozvrat  |c František Múčka 
520 |a Eurozóna má viac možností, ako vybŕdnuť z dlhovej krízy. Všetky predpokladajú rázne zmeny. Hrubý verejný dlh. Fiškálne schodky a prebytky. 
610 2 0 |a eurozóna 
610 2 0 |a financovanie 
610 2 0 |a dlhy 
610 2 0 |a dlhy verejné 
610 2 0 |a kríza 
610 2 0 |a reformy 
100 1 |a Múčka, František